书目信息 |
| 题名: |
精品网页创意制集粹
|
|
| 作者: | 龚正伟 , 张璇 编著 | |
| 分册: | ||
| 出版信息: | 北京 清华大学出版社 2001.03 |
|
| 页数: | 315页 | |
| 开本: | 26cm | |
| 丛书名: | ||
| 单 册: | ||
| 中图分类: | TP393.092 | |
| 科图分类: | ||
| 主题词: | 计算机应用 | |
| 电子资源: | ||
| ISBN: | 7-900631-53-4 | |
| 000 | 00633nam0 2200205 45 | |
| 001 | 0262193773 | |
| 005 | 2002111817163377 | |
| 010 | @a7-900631-53-4@dRMB 38.00 | |
| 100 | @a20021118d2001 km y0chiy0120 ea | |
| 101 | 0 | @achi |
| 102 | @aCN@b110000 | |
| 200 | 1 | @a精品网页创意制集粹@Ajing pin wang ye chuang yi zhi ji cui@f龚正伟,张璇编著@Fgong zheng wei,zhang xuan bian zhu |
| 210 | @a北京@c清华大学出版社@d2001.03 | |
| 215 | @a315页@d26cm | |
| 606 | 0 | @a计算机应用 |
| 690 | @aTP393.092@v3 | |
| 701 | 0 | @a龚正伟@Agong zheng wei@4编著 |
| 701 | 0 | @a张璇@Azhang xuan@4编著 |
| 801 | 0 | @aCN@bPFT@c20021118 |
| 905 | @a10447@dTP393.092@eG395 | |
| 精品网页创意制集粹/龚正伟,张璇编著.-北京:清华大学出版社,2001.03 |
| 315页;26cm |
| ISBN 7-900631-53-4:RMB 38.00 |
| ● |
| 相关链接 |
|
|
|
正题名:精品网页创意制集粹
索取号:TP393.092/G395
 
预约/预借
| 序号 | 登录号 | 条形码 | 馆藏地/架位号 | 状态 | 备注 |
| 1 | 360438 | 203604386 | 自科库301/301自科库 125排2列4层/ [索取号:TP393.092/G395] | 在馆 | |
| 2 | 360439 | 203604395 | 自科二线404/404自科库 12排3列5层/ [索取号:TP393.092/G395] | 在馆 | |
| 3 | 360440 | 203604402 | 自科库301/301自科库 125排2列4层/ [索取号:TP393.092/G395] | 在馆 |